000 00444nmm a2200157Ia 4500
008 251105s9999||||xx |||||||||||||||||und||
020 _a9789568601812
041 _aspa
100 _aZagmutt, Augusto
245 0 _aVínculos afectivos, mentes conectadas
264 _a[Santiago de Chile, Chile] :
_bUqbar,
_c2010
300 _a206 páginas
650 _aPsychology
856 _uhttps://public.digitaliapublishing.com/a/21284
942 _cCF
999 _c94751
_d94751